Türkiye İllerinin Plaka Kodları - Statistics

General Stats
  • This quiz has been taken 1 270 times
  • The average score is 43 of 81
Answer Stats
Hint Answer % Correct
01 Adana
100%
02 Adıyaman
91%
06 Ankara
87%
07 Antalya
83%
03 Afyonkarahisar
82%
04 Ağrı
77%
05 Amasya
76%
34 İstanbul
76%
35 İzmir
73%
10 Balıkesir
71%
16 Bursa
71%
08 Artvin
68%
31 Hatay
67%
09 Aydın
64%
21 Diyarbakır
63%
61 Trabzon
63%
17 Çanakkale
62%
81 Düzce
61%
20 Denizli
60%
18 Çankırı
59%
25 Erzurum
59%
42 Konya
59%
11 Bilecik
58%
19 Çorum
58%
24 Erzincan
58%
33 Mersin
58%
14 Bolu
57%
27 Gaziantep
57%
15 Burdur
56%
23 Elazığ
56%
55 Samsun
56%
13 Bitlis
55%
22 Edirne
55%
26 Eskişehir
55%
28 Giresun
55%
36 Kars
55%
12 Bingöl
54%
38 Kayseri
53%
44 Malatya
53%
53 Rize
53%
41 Kocaeli
52%
32 Isparta
51%
37 Kastamonu
51%
58 Sivas
51%
30 Hakkari
50%
52 Ordu
50%
29 Gümüşhane
49%
45 Manisa
49%
80 Osmaniye
48%
48 Muğla
47%
54 Sakarya
47%
60 Tokat
47%
66 Yozgat
46%
67 Zonguldak
45%
43 Kütahya
44%
47 Mardin
44%
50 Nevşehir
44%
51 Niğde
44%
57 Sinop
44%
46 Kahramanmaraş
42%
63 Şanlıurfa
42%
40 Kırşehir
41%
49 Muş
41%
59 Tekirdağ
41%
62 Tunceli
41%
39 Kırklareli
40%
56 Siirt
40%
65 Van
40%
68 Aksaray
39%
77 Yalova
38%
64 Uşak
37%
69 Bayburt
36%
79 Kilis
33%
78 Karabük
31%
75 Ardahan
30%
72 Batman
30%
70 Karaman
30%
74 Bartın
29%
71 Kırıkkale
29%
76 Iğdır
28%
73 Şırnak
28%
No matching quizzes found
Score Distribution
Percent of People with Each Score
Percentile by Number Answered
Your Score History
You have not taken this quiz